Countries with the most koreans (2023) - Statistics

General Stats
  • This quiz has been taken 35 times
  • The average score is 21 of 26
Answer Stats
Koreans Answer % Correct
249,000 Canada
100%
2.1 million China
100%
26 million North korea
100%
52 million South korea
100%
2.5 million United States of America
100%
50,000 Germany
97%
160,000 Australia
94%
27,000 France
94%
900,000 Japan
94%
124,000 Russia
94%
39,000 United kingdom
94%
48,000 Brazil
90%
25,000 Indonesia
87%
13,500 Mexico
87%
20,500 Singapore
87%
180,000 Vietnam
87%
13,000 Malaysia
84%
31,000 New zealand
84%
20,000 Thailand
84%
23,000 Argentina
74%
35,000 Philippines
68%
12,500 Sweden
61%
123,000 Kazakhstan
45%
12,000 Switzerland
42%
175,000 Uzbekistan
39%
18,000 Kyrgyzstan
23%
No matching quizzes found
Score Distribution
Percent of People with Each Score
Percentile by Number Answered
Your Score History
You have not taken this quiz